Europe per 3rd Letter Quiz Stats

 Plays Quiz Updated Feb 15, 2019

Support Sporcle.
Go Orange.
Score 0/14 Timer 03:00
5 Plays Today
3rd Letter Country % Correct
AFrance, Italy, Spain
98.8%
EGreece, Ireland, Sweden...
93.5%
RGermany, Norway, Portugal...
92%
LBelarus, Belgium, Poland...
90.4%
NDenmark, Finland, Hungary...
90%
TEstonia, Latvia, Netherlands...
84.8%
SAustria, Russia, Bosnia and Herzegovina...
84.1%
3rd Letter Country % Correct
ISwitzerland, United Kingdom
81.6%
XLuxembourg
76.2%
OCroatia, Slovakia, Slovenia
72.2%
BAlbania
62.5%
DAndorra
58.5%
MRomania
55.1%
PCyprus
51.8%

From the Vault

True or False Blitz: Geography

by Smeddlesboy

Hey, at least you've got a fifty-fifty shot.
Remove Ads.
Support Sporcle.
Get the best of Sporcle when you Go Orange. This ad-free experience offers more features, more stats, and more fun while also helping to support Sporcle. Thank you for becoming a member.

Show Comments

Extras

Top Quizzes Today


Score Distribution

Your Account Isn't Verified!

In order to create a playlist on Sporcle, you need to verify the email address you used during registration. Go to your Sporcle Settings to finish the process.

Report this User

Report this user for behavior that violates our Community Guidelines.

Details: